| 000 | 02609cam a22003251i 4500 | ||
|---|---|---|---|
| 003 | SA-RiAUC | ||
| 005 | 20241224140915.0 | ||
| 008 | 241224s1983 qa g f000 0 ara c | ||
| 040 |
_aSA-EnSBSSC _bara _cSA-RiAUC _erda |
||
| 082 | 0 | 4 |
_a214.291 _qSA-RiAUC |
| 090 |
_a214.291 _b هـ ن د |
||
| 100 | 1 |
_aالهندي، رحمة الله بن خليل الرحمن، _d1233-1308 هجري _eمؤلف. |
|
| 245 | 1 | 0 |
_aإظهار الحق / _cتأليف رحمة الله بن خليل الرحمن العثماني الكيرانوي ؛ عني بطبعه ومراجعته عبد الله بن إبراهيم الأنصاري. |
| 264 | 1 |
_aالدوحة : _bوزارة التربية والتعليم، إدارة إحياء التراث الإسلامي، _c1983 |
|
| 300 |
_a648 صفحة ؛ _c24 سم |
||
| 336 |
_aنص _btxt _2rdacontent _3كتاب |
||
| 337 |
_aبدون وسيط _bn _2rdamedia |
||
| 338 |
_aمجلد _bnc _2rdacarrier |
||
| 630 | 2 | 7 |
_aالكتاب المقدس. _pالعهد القديم _xتحريف _2aucut |
| 630 | 2 | 7 |
_aالإنجيل. _pع. ج. _xتعليقات _2aucut |
| 650 | 7 |
_aالكتاب المقدس والإسلام _2aucsh |
|
| 650 | 7 |
_aالكتاب المقدس والإسلام _2aucsh |
|
| 700 | 1 |
_aالأنصاري، عبد الله بن إبراهيم، _d1333-1410 هجري _eمراجع. |
|
| 730 | 2 | 2 | _aالكتاب المقدس. |
| 730 | 2 | 2 | _aالكتاب المقدس. |
| 856 |
_uhttp://www.saaid.net/book/1/237.zip _yDigital Copy _2 نرجو الانتباه لإمكانية وجود اختلاف في الطبعة أو الناشر بين البيانات على البوابة وما ستجده على الكتاب نظرا لمحدودية المعلومات المتاحة على الموقع الناشر للمادة. _3Please note that there may be a difference in the edition or publisher between the data on the portal and the book due to the limited information available on the publisher website for the material. |
||
| 856 |
_uhttp://saaid.net/book/open.php?cat=1&book=686 _yExternal Link _2 نرجو الانتباه لإمكانية وجود اختلاف في الطبعة أو الناشر بين البيانات على البوابة وما ستجده على الكتاب نظرا لمحدودية المعلومات المتاحة على الموقع الناشر للمادة. _3Please note that there may be a difference in the edition or publisher between the data on the portal and the book due to the limited information available on the publisher website for the material. |
||
| 942 |
_2ddc _cBOOK _n0 |
||
| 949 |
_aSA-JeALM _d241224 _uosman123 _n1 |
||
| 999 |
_c3916 _d3916 |
||